| 000 | 00606nam a2200241 4500 | ||
|---|---|---|---|
| 001 | 35422 | ||
| 010 | _a9789724153322 | ||
| 021 |
_aPT _b294049/09 |
||
| 090 | _a35422 | ||
| 100 | _a20221128 frey50 | ||
| 101 | 1 | _apor | |
| 102 | _aPT | ||
| 200 | 1 |
_aRuca faz um telefonema _ftrad., adapt. Sara Costa |
|
| 205 | _a1.ª ed | ||
| 210 | 9 |
_aAlfragide _cAsa, _d2009 |
|
| 215 |
_a[24] p. _cil. _d23 cm |
||
| 225 | 2 |
_aRuca _v32 |
|
| 304 | _aTít. orig.: Caillou parle au téléphone | ||
| 675 |
_a087.5 _vBN _zpor |
||
| 702 | 1 |
_aCosta, _bSara _4730 _92045 |
|
| 801 | 0 |
_aPT _bBN _gRPC |
|
| 990 | _cLIVROS | ||
| 994 | _aCOMP | ||